Bosnia and Herzegovina City Quiz - Statistics

General Stats
  • This quiz has been taken 49 times
  • The average score is 4 of 5
Answer Stats
City % Correct
Sarajevo
98%
Banja Luka
93%
Mostar
90%
Tuzla
78%
Zenica
75%
No matching quizzes found
Score Distribution
Percent of People with Each Score
Percentile by Number Answered
Your Score History
You have not taken this quiz